Kriminalitätsdaten Neubrandenburg 1987

Straftaten und sozialdemographische Merkmale von Straftätern.

Guardado en:  
Detalles Bibliográficos
Autor Corporativo: Kriminologische Forschungsstelle an der Humboldt-Universität zu Berlin. VerfasserIn (Autor)
Tipo de documento: Electrónico Research Data
Lenguaje:Alemán
Publicado: Köln GESIS 1987
En:Año: 1987
Acceso en línea: Volltext (Resolving-System)
Verificar disponibilidad: HBZ Gateway
Servicio de pedido Subito: Pedir ahora.
Palabras clave:

MARC

LEADER 00000nam a22000002c 4500
001 1942476825
003 DE-627
005 20251125133044.0
007 cr uuu---uuuuu
008 251125s1987 xx |||||o 00| ||ger c
024 7 |a 10.4232/1.6445  |2 doi 
024 8 |a ZA6445  |q SN 
035 |a (DE-627)1942476825 
035 |a (DE-599)KXP1942476825 
040 |a DE-627  |b ger  |c DE-627  |e rda 
041 |a ger 
084 |a 2,1  |2 ssgn 
110 2 |a Kriminologische Forschungsstelle an der Humboldt-Universität zu Berlin  |e VerfasserIn  |4 aut 
245 1 0 |a Kriminalitätsdaten Neubrandenburg 1987  |c Kriminologische Forschungsstelle an der Humboldt-Universität zu Berlin 
264 1 |a Köln  |b GESIS  |c 1987 
336 |a Text  |b txt  |2 rdacontent 
337 |a Computermedien  |b c  |2 rdamedia 
338 |a Online-Ressource  |b cr  |2 rdacarrier 
520 |a Straftaten und sozialdemographische Merkmale von Straftätern. 
650 4 |a Kriminalität und Gesetzesvollzug 
655 7 |a Forschungsdaten  |0 (DE-588)1098579690  |0 (DE-627)857755366  |0 (DE-576)469182156  |2 gnd-content 
856 4 0 |u https://doi.org/10.4232/1.6445  |x Resolving-System  |7 1 
951 |a BO 
ELC |a 1 
LOK |0 000 xxxxxcx a22 zn 4500 
LOK |0 001 4813457606 
LOK |0 003 DE-627 
LOK |0 004 1942476825 
LOK |0 005 20251125133044 
LOK |0 008 251125||||||||||||||||ger||||||| 
LOK |0 040   |a DE-2619  |c DE-627  |d DE-2619 
LOK |0 092   |o n 
LOK |0 852   |a DE-2619 
LOK |0 852 1  |9 00 
LOK |0 935   |a foda 
LOK |0 939   |a 25-11-25  |b l01 
ORI |a SA-MARC-krimdoka001.raw